| 000 | 00516nam a2200181Ia 4500 | ||
|---|---|---|---|
| 999 |
_c12928 _d12928 |
||
| 003 | OSt | ||
| 005 | 20201105103746.0 | ||
| 008 | 190216s9999||||xx |||||||||||||| ||und|| | ||
| 020 | _a0140202897 | ||
| 040 | _coclc | ||
| 082 |
_a820 _bCUN/L |
||
| 100 |
_aCunliffe, Marcus _96279 |
||
| 245 | 4 |
_aThe Literature Of The United States / _cMarcus Cunliffe |
|
| 260 |
_bPenguin Books, _c1954. _aLondon: |
||
| 300 | _a409p | ||
| 650 | _aEnglish Literature | ||
| 942 |
_cBK _2ddc _h820 _iCUN/L _k820 _mCUN/L |
||